| 000 | 00794nam a2200241Ia 4500 | ||
|---|---|---|---|
| 008 | 191130s2007##################000#0#eng## | ||
| 020 | _a9781584886402 | ||
| 022 | _a2007000973 | ||
| 040 |
_aACL _cACL |
||
| 082 | _a570.151 LEN | ||
| 100 | _aLenhart, Suzanne | ||
| 245 |
_aOptimal control applied to biological models _cSuzanne Lenhart, John T. Workman |
||
| 260 |
_aBoca Raton, FL _bChapman & Hall/CRC _c2007 |
||
| 300 | _axii, 261 p. : ill. ; 25 cm. | ||
| 500 | _aIncludes bibliographical references (p. [245]-257) and index | ||
| 650 | _aBiological models - Textbooks | ||
| 650 | _aControl theory - Textbooks | ||
| 650 | _aMathematical optimization - Textbooks | ||
| 700 | _aWorkman, John T | ||
| 990 | _ab4e11e83ac10000c30160875006117f8 | ||
| 991 | _a226192 | ||
| 999 |
_c28165 _d28165 |
||